<?xml version="1.0" encoding="UTF-8"?>
<record
    xmlns:xsi="http://www.w3.org/2001/XMLSchema-instance"
    xsi:schemaLocation="http://www.loc.gov/MARC21/slim http://www.loc.gov/standards/marcxml/schema/MARC21slim.xsd"
    xmlns="http://www.loc.gov/MARC21/slim">

  <leader>00787nam a2200253 a 4500</leader>
  <controlfield tag="001">63047</controlfield>
  <controlfield tag="003">BD-RjUL</controlfield>
  <controlfield tag="005">20211209081144.0</controlfield>
  <controlfield tag="008">820522s19601956nyu           000 0 eng d</controlfield>
  <datafield tag="035" ind1=" " ind2=" ">
    <subfield code="a">(BD-RjUL)63175</subfield>
  </datafield>
  <datafield tag="040" ind1=" " ind2=" ">
    <subfield code="a">BD-RjUL</subfield>
    <subfield code="c">BD-RjUL</subfield>
    <subfield code="d">BD-RjUL</subfield>
    <subfield code="b">eng</subfield>
  </datafield>
  <datafield tag="041" ind1=" " ind2=" ">
    <subfield code="a">eng</subfield>
  </datafield>
  <datafield tag="082" ind1=" " ind2=" ">
    <subfield code="2">23</subfield>
    <subfield code="a">841</subfield>
    <subfield code="b">SAE 1960</subfield>
  </datafield>
  <datafield tag="100" ind1="1" ind2=" ">
    <subfield code="a">Saint-John Perse,</subfield>
    <subfield code="d">1887-1975.</subfield>
    <subfield code="9">187560</subfield>
  </datafield>
  <datafield tag="245" ind1="1" ind2="0">
    <subfield code="a">&#xC9;loges, and other poems /</subfield>
    <subfield code="c">Saint-John Perse; Louise Var&#xE8;se</subfield>
  </datafield>
  <datafield tag="260" ind1=" " ind2=" ">
    <subfield code="a">New York :</subfield>
    <subfield code="b">Pantheon Book</subfield>
    <subfield code="c">c1956 [reprinted 1960]</subfield>
  </datafield>
  <datafield tag="300" ind1=" " ind2=" ">
    <subfield code="a">103 p. ;</subfield>
    <subfield code="c">24 cm.</subfield>
  </datafield>
  <datafield tag="490" ind1=" " ind2=" ">
    <subfield code="a">Bollingen series ;</subfield>
    <subfield code="v">no. 55. </subfield>
  </datafield>
  <datafield tag="650" ind1=" " ind2=" ">
    <subfield code="a">French poetry</subfield>
    <subfield code="9">187370</subfield>
  </datafield>
  <datafield tag="650" ind1=" " ind2=" ">
    <subfield code="a">poetry.</subfield>
    <subfield code="9">184187</subfield>
  </datafield>
  <datafield tag="700" ind1="1" ind2=" ">
    <subfield code="a">Var&#xE8;se, Louise,</subfield>
    <subfield code="d">1890-1989,</subfield>
    <subfield code="e">tr.</subfield>
    <subfield code="9">187561</subfield>
  </datafield>
  <datafield tag="830" ind1=" " ind2=" ">
    <subfield code="a">Bollingen series ;</subfield>
    <subfield code="v">no. 55. </subfield>
    <subfield code="9">187563</subfield>
  </datafield>
  <datafield tag="942" ind1=" " ind2=" ">
    <subfield code="2">ddc</subfield>
    <subfield code="c">BK</subfield>
  </datafield>
  <datafield tag="999" ind1=" " ind2=" ">
    <subfield code="c">63047</subfield>
    <subfield code="d">63047</subfield>
  </datafield>
  <datafield tag="952" ind1=" " ind2=" ">
    <subfield code="0">0</subfield>
    <subfield code="1">0</subfield>
    <subfield code="2">ddc</subfield>
    <subfield code="4">0</subfield>
    <subfield code="7">1</subfield>
    <subfield code="8">NFIC</subfield>
    <subfield code="a">RUCL</subfield>
    <subfield code="b">RUCL</subfield>
    <subfield code="c">Reading</subfield>
    <subfield code="d">1963-08-23</subfield>
    <subfield code="e">Nawrose kitalistan, Dacca</subfield>
    <subfield code="g">14.63</subfield>
    <subfield code="l">0</subfield>
    <subfield code="o">841 SAE 1960</subfield>
    <subfield code="r">2017-01-28 00:00:00</subfield>
    <subfield code="t">C-1</subfield>
    <subfield code="w">2017-01-28</subfield>
    <subfield code="y">BK</subfield>
  </datafield>
</record>
